Statistics for Video Game Characters Alphabetically

Click here to take the quiz!

General Stats

  • This quiz has been taken 25 times
  • The average score is 19 of 26

Answer Stats

LetterHintAnswer% Correct
DDonkey Kong's "Mini Me"Diddy Kong
100%
MThe Main Mascot of NintendoMario
100%
ZLegend Of _____Zelda
100%
EThe fluffy necked brown Pokemon. It evolves into many evolutionsEevee
94%
KThe red enchidna in SonicKnuckles
94%
LThe green hooded Guy From Legend Of _____Link
94%
PPokemon's MascotPikachu
94%
JThe pink floaty Blob of PokemonJigglypuff
89%
YThe green dinosaurYoshi
89%
AThe pink girl from SonicAmy
83%
NA little child from the game series 'Mother'. He owns a baseball bat as a weaponNess
78%
RThe Galaxy-like princessRosalina
78%
QA 2D Puzzle Arcade GameQ*bert
72%
WEveryone wanted this purple guy in SMASHWaluigi
72%
BThe Brown bear with his sidekick Red BirdBanjo & Kazooie
67%
HA blue Haired Music video game girl. (I don't know how else to describe her)Hatsune Miku
67%
SHe has a trilogy and Is the main mascot of another series 'Skylanders'Spyro
67%
IThe yellow dog in Animal Crossing. Also Mayor in Animal Crossing New LeafIsabelle
61%
TThe store owner of Nook's Cranny in Animal Crossing Population GrowingTom Nook
61%
UThe letter pokemonUnown
56%
CThe "Mama" ChefCooking Mama
50%
OOne of the few human characters of PikminOlimar
50%
VA little Kid from Stardew Vallley (Nickname: vinny)Vincent
50%
XA Fairy-type Legendary Pokemon introduced in Generation VI. (Think Pokemon X)Xerneas
44%
GThe wooden man from Super Mario RPGGeno
39%
FThe blue Grumpus From BugsnaxFilbo Fiddlepie
22%

Score Distribution

Percentile by Number Answered

Percent of People with Each Score

Your Score History

You have not taken this quiz